Κατάλογος Βιβλιοθηκών Mediterranean College

Cost & Effect / Using Intergrated Cost Systems to Drive Profitability and Performance (Record no. 891)

MARC details
000 -LEADER
fixed length control field 01543cam a22002054a 4500
005 - ΗΜΕΡΟΜΗΝΙΑ ΚΑΙ ΩΡΑ ΤΕΛΕΥΤΑΙΑΣ ΕΝΗΜΕΡΩΣΗΣ
Πεδίο ελέγχου 20250605163949.0
008 - FIXED-LENGTH DATA ELEMENTS--GENERAL INFORMATION
Πεδίο ελέγχου σταθερού μήκους 250528s ||||||||||||||||||||||||d
035 ## - SYSTEM CONTROL NUMBER
System control number 15301
020 ## - ISBN
ISBN 875847889
040 ## - ΠΗΓΗ ΚΑΤΑΛΟΓΟΓΡΑΦΗΣΗΣ
Φορέας πρωτότυπης καταλογογράφησης MC Athens Campus Library
Γλώσσα καταλογογράφησης Ελληνικά, Μοντέρνα (1453-)
Modifying agency MC Athens Campus Library
Κανόνες περιγραφικής καταλογογράφησης AACR2
245 1# - ΤΙΤΛΟΣ ΚΑΙ ΔΗΛΩΣΗ ΥΠΕΥΘΥΝΟΤΗΤΑΣ
Τίτλος Cost & Effect / Using Intergrated Cost Systems to Drive Profitability and Performance
260 ## - PUBLICATION, DISTRIBUTION, ETC.
Name of publisher, distributor, etc. Harvard Business School Press,
Date of publication, distribution, etc. 1997
300 ## - PHYSICAL DESCRIPTION
Extent 370
520 ## - SUMMARY, ETC.
Summary, etc. This book provides a comprehensive overview of the principles, possible uses, and benefits of activity-based management that will help managers mine its full potential. Preface, Introduction: Cost and Performance Management Systems, Four-Stage Model for Designing Cost and Performance Measurement Systems, Standard Cost and Flexible Budgeting Systems, Systems for Learning and Improvement: Upgrading and Supplementing Standard Cost Systems, Systems for Learning and Improvement: Kaizen Costing and Pseudo-Profit Centers, Measuring the Cost of Resource Capacity, Activity-Base Management: Operational Applications, Strategic Activity-Based Management: Product Mix and Pricing, Strategic Activity-Based Management: Customers, Strategic Activity-Based Management: Supplier Relationships and Product Development, ABC in Service Industries, Extending Activity-Based Cost Systems, Integrating ABC with Enterprise-Wide Systems, Using ABC for Budgeting and Transfer Pricing, Notes, Index.
700 1# - ΠΡΟΣΘΕΤΗ ΑΝΑΓΡΑΦΗ--ΦΥΣΙΚΟ ΠΡΟΣΩΠΟ
Personal name Cooper Robin
9 (RLIN) 1194
700 1# - ΠΡΟΣΘΕΤΗ ΑΝΑΓΡΑΦΗ--ΦΥΣΙΚΟ ΠΡΟΣΩΠΟ
Personal name Kaplan Robert S
9 (RLIN) 1178
942 ## - ADDED ENTRY ELEMENTS (KOHA)
Koha item type Books
Holdings
Τύπος τεκμηρίου Βιβλιοθήκη Τρέχουσα τοποθεσία Barcode Αριθμός εισαγωγής Ημερομηνία απόκτησης Ταξιθετικό σύμβολο Αριθμός αντιτύπου Κατάσταση απόσυρσης Κατάσταση χαμένου Κατάσταση κατεστραμμένου Μη δανεισμός Σύνολο δανεισμών Ημερομηνία τελευταίας εμφάνισης Η τιμή ισχύει από
Books MC Athens Campus Library MC Athens Campus Library 9780000008909 1545 05/06/2025 658.15/52 KAP 1           05/06/2025 05/06/2025

MC Athens Campus Library
Πατησίων 94 & Κοδριγκτώνος 13, 104 34
Πελλήνης 8 & Πατησίων 107, 112 51
Τ: +30 210 8899600

MC Thessaloniki Campus Library
Ίωνος Δραγούμη 21, 54625 | Ίωνος Δραγούμη 15, 54625
Τ: +30 2310 287779 – Τ: +30 2314 440300